000 00677nam a2200205Ii 4500
003 JO-AjNU
008 230605s9999||||xx |||||||||||||| ||und||
017 _a2009/10/4327
040 _aJO-AjNU
_bara
_erda
_cJO-AjNU
041 _aara
050 1 4 _aPR4567.A112 2009
100 3 _aديكنز، تشارلز ؛ منير البعلبكي,
_eauthor
_923072
245 0 0 _aأوليفر تويست
264 3 1 _aعمان: وزارة الثقافة، 2007
300 _a567ص
336 _atext
_btxt
_2rdacontent
337 _aunmediated
_bn
_2rdamedia
338 _avolume
_bnc
_2rdacarrier
650 4 _aالأدب الإنجليزي - ترجمة - قصص إنجليزية
_923073
999 _aA8290
_c11858
_d11858